000
00313nam a22001337a 4500
003
SGT
082
_a
155.262
_b
C14D
100
_a
DOUGLA, BARBARA
245
_a
COMMON PRESENTING ISSUES IN PSYCHOTHERAPEUTIC PRACTICE
260
_a
LONDON
_b
SAGE
_c
2014
300
_a
181
650
_a
PSYCHOLOGY
942
_2
ddc
_c
BK
999
_c
13928
_d
13928